[Event "47th GRE-chT 2019"]
[Site "Patra"]
[Date "2019.07.03"]
[Round "2.21"]
[White "Ivic, Velimir"]
[Black "Vallejo Pons, Francisco"]
[Result "1/2-1/2"]
[WhiteElo "2510"]
[BlackElo "2687"]
[Annotator "TA"]
[PlyCount "92"]
[EventDate "2019.07.02"]
[EventCountry "GRE"]
[SourceTitle "playchess.com"]
[Source "ChessBase"]
[SourceQuality "1"]

{[%evp 14,92,8,5,14,12,14,1,33,20,18,0,0,0,0,0,17,8,22,0,0,8,6,-12,-19,-17,-29,-37,0,0,13,0,14,-73,-75,-87,-70,-109,-106,-185,-181,-221,-150,-224,-181,-174,-161,-273,-118,-108,-96,-133,-143,-232,0,0,0,0,0,-4,192,193,176,0,0,0,0,0,0,0,0,0,0,0,0,0,0,0,0,0,0]} 1. e4 e5 2. Nf3 Nc6 3. Bb5 a6 4. Ba4 d6 5. c4 Bg4 6. h3 ({Predecessor:} 6. Nc3 Nf6 7. h3 Bxf3 8. Bxc6+ bxc6 9. Qxf3 g6 10. d3 {0-1 (10) Elkov,A-Kamenskikh,A ICCF email 2012}) 6... Bxf3 7. Qxf3 Nf6 8. Nc3 Nd7 {C71: Ruy Lopez: Deferred Steinitz Variation, sidelines} 9. Bxc6 bxc6 10. d3 g6 $146 (10... Nc5 11. O-O g6 12. b4 Ne6 13. Be3 Bg7 14. a4 {0-1 (103) Ter Sahakyan,S (2605)-Sevian,S (2595) Martuni 2016}) 11. h4 h5 12. Be3 Bg7 13. g3 Rb8 14. b3 a5 15. Rd1 O-O 16. g4 Nf6 17. gxh5 Nxh5 18. Ne2 {[#]} a4 $1 $36 {[%mdl 2560] Black is pushing.} 19. bxa4 Rb2 20. Ng3 Nf4 {[%mdl 1024] Black has compensation.} (20... Rxa2 $2 21. Nxh5 gxh5 22. Rg1 $18 (22. Qxh5 f5 $16)) 21. h5 $1 Qg5 22. Kf1 Rfb8 {[#]} 23. Rg1 (23. Ne2 $1 $11 {[%mdl 512] keeps the balance.}) 23... Qf6 (23... Rxa2 $6 24. hxg6 fxg6 25. Nf5 $16) 24. Bxf4 exf4 25. Ne2 g5 ({Much weaker is} 25... Rxa2 $6 26. hxg6 fxg6 27. e5 $11 (27. Qxf4 Rbb2 $15)) 26. Kg2 (26. Re1 $17 {was necessary.}) 26... Rxa2 $19 27. Rb1 Rbb2 28. Rge1 (28. Rxb2 $17 {is a better defense.} Qxb2 29. Nc1 Rxa4 30. Qg4) 28... Qe6 {And now ...Rxb1 would win.} ({But not} 28... Rxa4 29. Rxb2 Qxb2 30. Ng1 $17) 29. Rxb2 Rxb2 30. h6 (30. Kf1 {keeps fighting.}) 30... Bxh6 ({Weaker is} 30... Qxh6 31. Qg4 $17) (30... Be5 $1 $19 {has better winning chances.} 31. h7+ Kh8) 31. Qh5 $17 {next Nd4 is good for White.} c5 32. Rh1 {intending Nc3.} Kg7 $1 33. Ng1 (33. a5 $17) 33... g4 $2 (33... Qg6 $19 {Strongly threatening ...Qxh5.} 34. Qg4 Rd2) 34. Rh4 $1 $11 {[%cal Rh4g4]} g3 35. Nh3 gxf2 36. Nxf2 {[#] aiming for Kf3.} Kh7 $2 {[#]} (36... f3+ $1 $11 {[%mdl 512] and Black is okay.} 37. Kg3 (37. Kxf3 Qf6+) 37... Qf6) 37. Kf3 $1 $18 {Ng4 is the strong threat.} Rd2 {[#]} 38. Ng4 $2 (38. Rg4 $1 $18) 38... Rxd3+ $11 {The position is equal.} 39. Kf2 {Threatens to win with Qg5.} Rd2+ 40. Ke1 Qxe4+ 41. Kxd2 Qd4+ 42. Ke1 Qc3+ 43. Kf1 Qd3+ 44. Kf2 Qd2+ 45. Kf1 Qd3+ 46. Kg1 Qg3+ {Accuracy: White = 44%, Black = 55%.} 1/2-1/2

[Event "47th GRE-chT 2019"]
[Site "Patra"]
[Date "2019.07.03"]
[Round "2.22"]
[White "Martinovic, Sasa"]
[Black "Argiroudis, Stamatis"]
[Result "1-0"]
[WhiteElo "2560"]
[BlackElo "2284"]
[Annotator "ChessBase"]
[PlyCount "70"]
[EventDate "2019.07.02"]
[EventCountry "GRE"]
[SourceTitle "playchess.com"]
[Source "ChessBase"]
[SourceQuality "1"]
[TimeControl "5400+30"]

1. d4 {[%emt 0:00:00]} Nf6 {[%emt 0:00:00]} 2. c4 {[%emt 0:00:19]} g6 {[%emt 0:00:00]} 3. f3 {[%emt 0:00:19]} Bg7 {[%emt 0:00:00]} 4. e4 {[%emt 0:00:04]} d6 {[%emt 0:01:21]} 5. Be3 {[%emt 0:01:25]} c6 {[%emt 0:01:18]} 6. Nc3 {[%emt 0:01:03]} a6 {[%emt 0:01:21]} 7. e5 {[%emt 0:02:32]} Nfd7 {[%emt 0:00:06]} 8. exd6 {[%emt 0:01:58]} exd6 {[%emt 0:00:04]} 9. Qd2 {[%emt 0:00:27]} O-O {[%emt 0:00:34]} 10. O-O-O {[%emt 0:01:15]} b5 {[%emt 0:05:41]} 11. h4 {[%emt 0:10:36]} Nb6 {[%emt 0:05:23]} 12. c5 {[%emt 0:10:56]} dxc5 {[%emt 0:00:06]} 13. dxc5 {[%emt 0:00:09]} Qxd2+ {[%emt 0:13:16]} 14. Bxd2 {[%emt 0:05:01]} Na4 {[%emt 0:13:38]} 15. Nxa4 {[%emt 0:00:06]} bxa4 {[%emt 0:00:03]} 16. Ne2 {[%emt 0:10:16]} Nd7 {[%emt 0:08:32]} 17. Bc3 {[%emt 0:11:24]} a3 {[%emt 0:02:05]} 18. bxa3 {[%emt 0:05:09]} Bh6+ {[%emt 0:11:11]} 19. Bd2 {[%emt 0:03:48]} Bg7 {[%emt 0:02:45]} 20. Bf4 {[%emt 0:01:49]} Nxc5 {[%emt 0:07:09]} 21. Bd6 {[%emt 0:00:47]} Na4 {[%emt 0:01:24]} 22. Bxf8 {[%emt 0:00:19]} Kxf8 {[%emt 0:04:58]} 23. Nf4 {[%emt 0:10:01]} Nc3 {[%emt 0:01:59]} 24. Rd8+ {[%emt 0:00:20]} Ke7 {[%emt 0:00:20]} 25. Rd2 {[%emt 0:01:48]} Bh6 {[%emt 0:00:14]} 26. g3 {[%emt 0:07:37]} Bf5 {[%emt 0:08:40]} 27. Bh3 {[%emt 0:06:34]} Bxh3 {[%emt 0:00:04]} 28. Rxh3 {[%emt 0:00:50]} Rb8 {[%emt 0:04:47]} 29. Rb2 {[%emt 0:01:00]} Rd8 {[%emt 0:02:43]} 30. Rh1 {[%emt 0:02:41]} Nd5 {[%emt 0:00:47]} 31. Re1+ {[%emt 0:02:22]} Kd6 {[%emt 0:00:18]} 32. Re4 {[%emt 0:00:35]} f5 {[%emt 0:01:38]} 33. Ra4 {[%emt 0:01:40]} Ra8 {[%emt 0:01:04]} 34. Rb7 {[%emt 0:00:48]} Bxf4+ {[%emt 0:00:03]} 35. gxf4 {[%emt 0:01:32]} Kc5 {[%emt 3:32:03]} 1-0

[Event "47th GRE-chT 2019"]
[Site "Patra"]
[Date "2019.07.03"]
[Round "2.23"]
[White "Hadzimanolis, Antonios"]
[Black "Spyropoulos, Nikolaos"]
[Result "0-1"]
[WhiteElo "2245"]
[BlackElo "2404"]
[Annotator "TA"]
[PlyCount "44"]
[EventDate "2019.07.02"]
[EventCountry "GRE"]
[SourceTitle "playchess.com"]
[Source "ChessBase"]
[SourceQuality "1"]

{[%evp 9,44,-11,11,-12,-5,-22,-22,-28,-29,-8,-17,-31,-24,-31,-36,-35,-26,-71,-64,-89,-81,-88,-81,-135,-48,-59,-62,-360,-377,-475,-481,-604,-583,-1060,-1054,-1380,-802]} 1. e4 Nf6 2. e5 Nd5 3. c4 Nb6 4. c5 Nd5 5. d4 (5. Nc3 e6 6. Nxd5 exd5 7. d4 d6 8. cxd6 cxd6 9. Nf3 Nc6 10. Be2 Be7 11. O-O Qb6 12. b3 Bf5 13. Ba3 Rd8 14. Qd2 O-O 15. Qf4 dxe5 16. Qxf5 g6 17. Qh3 Bxa3 18. dxe5 Kg7 {1-0 (28) Luther,T (2581)-Bauer,C (2646) Austria 2015}) 5... b6 6. cxb6 {B02: Alekhine's Defence: Chase Variation and lines with early Nc3} axb6 7. Nf3 e6 8. Nc3 {The position is equal.} Nxc3 9. bxc3 d5 10. exd6 $146 ({Predecessor:} 10. Bd3 Be7 11. O-O O-O 12. Re1 c5 13. Be3 Nc6 14. Qb1 {0-1 (23) Petit,P-Pena,D (1953) Santa Rosa 2011}) 10... Bxd6 11. Bd3 Bb7 12. O-O Nd7 13. Ng5 Nf6 (13... Ra5 {with more complications.} 14. f4 Nf6 15. Qc2 c5 16. Rb1 h6) 14. f4 h6 15. Nf3 O-O 16. f5 (16. Ne5 $142) 16... Bxf3 ({Better is} 16... exf5 $17 {Threatens to win with ...Ne4.} 17. Bxf5 Re8) 17. Qxf3 $15 e5 18. Bxh6 $2 {[%mdl 8192] [#]} (18. Bb5 $15) 18... gxh6 $19 19. Rae1 exd4 {Black is clearly winning.} 20. Re4 Re8 21. cxd4 Nxe4 22. f6 Qxf6 {Accuracy: White = 10%, Black = 70%.} 0-1

[Event "47th GRE-chT 2019"]
[Site "Patra"]
[Date "2019.07.03"]
[Round "2.24"]
[White "Balokas, Dimitrios"]
[Black "Vragoteris, Antonios"]
[Result "1-0"]
[WhiteElo "2206"]
[BlackElo "2168"]
[Annotator "NA"]
[PlyCount "79"]
[EventDate "2019.07.02"]
[EventCountry "GRE"]
[SourceTitle "playchess.com"]
[Source "ChessBase"]
[SourceQuality "1"]
[TimeControl "5400+30"]

1. d4 {[%emt 0:01:36]} Nf6 {[%emt 0:00:00]} 2. c4 {[%emt 0:00:19]} e6 {[%emt 0:00:00]} 3. Nf3 {[%emt 0:00:39]} Bb4+ {[%emt 0:00:00]} 4. Bd2 {[%emt 0:00:15]} Qe7 {[%emt 0:00:27]} 5. g3 {[%emt 0:00:30]} Nc6 {[%emt 0:01:48]} 6. Nc3 {[%emt 0:00:45]} O-O {[%emt 0:00:05]} 7. Bg2 {[%emt 0:00:22]} Na5 {[%emt 0:01:16] E11: Bogo-Indian} (7... d6 8. Rc1 Bxc3 9. Bxc3 e5 10. d5 Nb8 11. O-O a5 12. Ne1 Nbd7 13. e4 Nc5 14. Qe2 Na4 15. Nd3 Nxc3 16. Rxc3 {½-½ (43) Stupak,K (2547)-Nisipeanu,L (2680) Budapest 2019}) 8. c5 {[%emt 0:09:32]} Nc4 {[%emt 0:03:37]} 9. Qb3 {[%emt 0:00:26]} Nxd2 {[%emt 0:03:08]} 10. Nxd2 {[%emt 0:02:07]} Bxc3 {[%emt 0:01:24]} 11. Qxc3 {[%emt 0:07:55]} d6 $146 {[%emt 0:05:53]} ({Predecessor:} 11... d5 12. cxd6 cxd6 13. O-O d5 14. Rac1 b6 15. b3 {1-0 (47) Loiseau,Q (2300)-Colin,V (2393) Naujac 2012}) 12. O-O {[%emt 0:07:52]} e5 {[%emt 0:12:14]} 13. d5 {[%emt 0:17:18]} e4 {[%emt 0:03:44]} 14. cxd6 {[%emt 0:01:54]} cxd6 {[%emt 0:00:30]} 15. Qd4 {[%emt 0:00:58]} Re8 {[%emt 0:04:52]} 16. Nc4 {[%emt 0:04:20]} Bd7 {[%emt 0:02:05]} 17. Rac1 {[%emt 0:00:34]} b6 {[%emt 0:04:31]} 18. Rc3 {[%emt 0:02:33]} Rac8 {[%emt 0:00:21]} 19. Rfc1 {[%emt 0:04:28]} h5 $11 {[%emt 0:01:40]} 20. Ne3 {[%emt 0:04:36]} h4 {[%emt 0:11:00]} 21. Rxc8 {[%emt 0:07:29]} Rxc8 {[%emt 0:00:26]} 22. Rxc8+ {[%emt 0:00:09]} Bxc8 {[%emt 0:01:00]} 23. gxh4 {[%emt 0:10:01]} g6 {[%emt 0:20:32]} 24. Nd1 {[%emt 0:01:49]} Bf5 {[%emt 0:00:35]} 25. Ne3 {[%emt 0:00:44]} Bd7 {[%emt 0:01:52]} 26. h5 {[%emt 0:01:12]} gxh5 {[%emt 0:01:54]} 27. Qc3 {[%emt 0:01:27]} Kg7 {[%emt 0:02:02]} 28. Nc4 {[%emt 0:01:36]} Bb5 {[%emt 0:00:05]} 29. Qg3+ {[%emt 0:08:05]} Kf8 {[%emt 0:00:14]} 30. Nxd6 {[%emt 0:02:27]} Bxe2 {[%emt 0:01:39]} 31. Nf5 {[%emt 0:00:14]} Qb4 {[%emt 0:05:04]} 32. h3 {[%emt 0:00:03]} Qxb2 {[%emt 0:07:05]} 33. Qd6+ {[%emt 0:00:06]} Kg8 {[%emt 0:00:34]} 34. Qb8+ {[%emt 0:00:18]} Kh7 {[%emt 0:00:02]} 35. Qc7 {[%emt 0:01:23]} Kg6 {[%emt 0:02:26]} 36. Qf4 {[%emt 0:01:21]} Nxd5 {[%emt 0:01:15]} 37. Qxe4 {[%emt 0:00:29]} Qc1+ {[%emt 0:00:06]} 38. Kh2 {[%emt 0:00:34]} Qf4+ {[%emt 0:00:05]} 39. Ng3+ {[%emt 0:00:27]} f5 {[%emt 0:00:00]} 40. Qxd5 {[%emt 0:01:07]} 1-0

[Event "47th GRE-chT 2019"]
[Site "Patra"]
[Date "2019.07.03"]
[Round "2.25"]
[White "Maisuradze, Nino"]
[Black "Salahidou, Reveka"]
[Result "1-0"]
[WhiteElo "2197"]
[BlackElo "1971"]
[Annotator "NA"]
[PlyCount "77"]
[EventDate "2019.07.02"]
[EventCountry "GRE"]
[SourceTitle "playchess.com"]
[Source "ChessBase"]
[SourceQuality "1"]
[TimeControl "5400+30"]

1. d4 {[%emt 0:00:00]} d5 {[%emt 0:00:00]} 2. c4 {[%emt 0:00:00]} e6 {[%emt 0:00:00]} 3. Nc3 {[%emt 0:00:00]} Nf6 {[%emt 0:00:00]} 4. Nf3 {[%emt 0:00:22]} dxc4 {[%emt 0:00:32]} 5. e3 {[%emt 0:00:55]} c5 {[%emt 0:01:21]} 6. Bxc4 {[%emt 0:00:11]} Be7 {[%emt 0:02:54]} 7. O-O {[%emt 0:00:18]} O-O {[%emt 0:02:42]} 8. Qe2 {[%emt 0:01:06]} a6 {[%emt 0:05:03]} 9. Rd1 {[%emt 0:02:33]} b5 {[%emt 0:10:54]} 10. Bd3 {[%emt 0:05:53]} Qc7 {[%emt 0:31:53]} 11. a3 $11 {[%emt 0:16:21]} Bb7 {[%emt 0:02:31]} 12. e4 {[%emt 0:03:15]} cxd4 {[%emt 0:12:18]} 13. Nxd4 {[%emt 0:00:17]} Nbd7 {[%emt 0:00:50]} 14. Bg5 {[%emt 0:06:04]} Nc5 {[%emt 0:03:27]} 15. Bc2 {[%emt 0:02:08]} h6 {[%emt 0:01:20]} 16. Bd2 {[%emt 0:33:25]} Bd6 {[%emt 0:04:28]} 17. Nf3 {[%emt 0:04:32]} Ng4 {[%emt 0:02:13]} 18. h3 {[%emt 0:00:55]} Ne5 {[%emt 0:00:12]} 19. Nxe5 {[%emt 0:00:52]} Bxe5 {[%emt 0:00:05]} 20. Rac1 {[%emt 0:01:19]} Rac8 {[%emt 0:03:49]} 21. Qg4 {[%emt 0:05:07]} Kh8 {[%emt 0:02:10]} 22. f4 {[%emt 0:02:12]} Bd4+ {[%emt 0:02:53]} 23. Kh1 {[%emt 0:00:18]} Qc6 {[%emt 0:01:27]} 24. e5 {[%emt 0:02:39]} Bxc3 {[%emt 0:03:50]} 25. Bxc3 {[%emt 0:00:22]} Ne4 {[%emt 0:01:45]} 26. Bxe4 {[%emt 0:05:11]} Qxe4 {[%emt 0:00:06]} 27. Rd7 {[%emt 0:00:51]} Bd5 {[%emt 0:02:38]} 28. Re1 {[%emt 0:00:19]} Qg6 {[%emt 0:01:44]} 29. Qe2 {[%emt 0:06:26]} Rc4 {[%emt 0:00:22]} 30. Rf1 {[%emt 0:00:27]} Re4 {[%emt 0:00:21]} 31. Qd2 {[%emt 0:00:17]} Rc4 {[%emt 0:01:03]} 32. Kh2 {[%emt 0:00:28]} Rfc8 {[%emt 0:00:13]} 33. f5 {[%emt 0:00:16]} Qh5 {[%emt 0:00:36]} 34. f6 {[%emt 0:01:04]} Rg4 {[%emt 0:00:43]} 35. Rxd5 {[%emt 0:00:32]} exd5 {[%emt 0:00:14]} 36. fxg7+ {[%emt 0:00:12]} Kg8 {[%emt 0:00:23]} 37. Qxd5 {[%emt 0:00:50]} Rg6 {[%emt 0:00:53]} 38. Qxf7+ {[%emt 0:00:18]} Kh7 {[%emt 0:00:04]} 39. g8=Q# {[%emt 0:00:11]} 1-0

[Event "47th GRE-chT 2019"]
[Site "Patra"]
[Date "2019.07.03"]
[Round "2.26"]
[White "Stratigi, Evangelia"]
[Black "Houhouli, Hristina"]
[Result "1/2-1/2"]
[WhiteElo "1624"]
[BlackElo "1428"]
[Annotator "NA"]
[PlyCount "102"]
[EventDate "2019.07.02"]
[EventCountry "GRE"]
[SourceTitle "playchess.com"]
[Source "ChessBase"]
[SourceQuality "1"]
[TimeControl "5400+30"]

1. e4 {[%emt 0:00:00]} c5 {[%emt 0:00:00]} 2. Nf3 {[%emt 0:00:00]} Nc6 {[%emt 0:00:00]} 3. Bc4 {[%emt 0:00:47]} e6 {[%emt 0:00:35]} 4. O-O {[%emt 0:04:53]} Nge7 {[%emt 0:07:44]} 5. c3 {[%emt 0:05:22]} d5 {[%emt 0:01:26]} 6. exd5 {[%emt 0:01:49]} Nxd5 {[%emt 0:06:21]} 7. d4 {[%emt 0:07:36]} cxd4 {[%emt 0:00:44]} 8. Nxd4 {[%emt 0:03:55]} Ne5 {[%emt 0:05:56]} 9. Bb5+ {[%emt 0:03:12]} Bd7 {[%emt 0:08:51]} 10. Qe2 {[%emt 0:11:23]} Ng6 {[%emt 0:07:56]} 11. Rd1 {[%emt 0:14:44]} Bxb5 {[%emt 0:06:27]} 12. Nxb5 {[%emt 0:04:25]} Qb6 {[%emt 0:05:34]} 13. Rxd5 {[%emt 0:03:06]} Bc5 {[%emt 0:06:10]} 14. Rd1 {[%emt 0:03:41]} Bxf2+ {[%emt 0:00:17]} 15. Qxf2 {[%emt 0:00:14]} Qxb5 {[%emt 0:01:02]} 16. Na3 {[%emt 0:02:56]} Qc6 {[%emt 0:01:26]} 17. Be3 {[%emt 0:02:32]} b6 {[%emt 0:03:38]} 18. Rd4 {[%emt 0:01:54]} O-O {[%emt 0:00:51]} 19. Rad1 {[%emt 0:02:29]} e5 {[%emt 0:04:34]} 20. Rd6 {[%emt 0:03:44]} Qa4 {[%emt 0:05:20]} 21. Qf5 {[%emt 0:06:36]} Rae8 {[%emt 0:04:43]} 22. Rd7 {[%emt 0:03:01]} Nh4 {[%emt 0:04:43]} 23. Qf2 {[%emt 0:06:14]} Re6 {[%emt 0:05:14]} 24. c4 {[%emt 0:00:57]} Ng6 {[%emt 0:01:13]} 25. Qc2 {[%emt 0:02:52]} Qc6 {[%emt 0:04:04]} 26. Nb5 {[%emt 0:02:47]} a6 {[%emt 0:01:56]} 27. R7d6 {[%emt 0:00:34]} Rxd6 {[%emt 0:00:54]} 28. Rxd6 {[%emt 0:00:28]} Qc8 {[%emt 0:01:12]} 29. Na3 {[%emt 0:01:00]} f5 {[%emt 0:01:04]} 30. Qd2 {[%emt 0:00:20]} f4 {[%emt 0:01:28]} 31. Qd5+ {[%emt 0:00:18]} Kh8 {[%emt 0:00:49]} 32. Bxb6 {[%emt 0:01:15]} Qf5 {[%emt 0:01:04]} 33. Rd8 {[%emt 0:00:40]} h6 {[%emt 0:00:31]} 34. Rxf8+ {[%emt 0:00:28]} Qxf8 {[%emt 0:00:45]} 35. Qe4 {[%emt 0:00:23]} Qe8 {[%emt 0:00:59]} 36. c5 {[%emt 0:00:51]} Qe6 {[%emt 0:01:05]} 37. Nc4 {[%emt 0:00:33]} Qg4 {[%emt 0:01:00]} 38. Qf3 {[%emt 0:00:15]} Qf5 {[%emt 0:00:32]} 39. Nd6 {[%emt 0:00:15]} Qb1+ {[%emt 0:00:00]} 40. Kf2 {[%emt 0:00:00]} Qxb2+ {[%emt 0:00:00]} 41. Qe2 {[%emt 0:00:00]} Qd4+ {[%emt 0:00:00]} 42. Kf1 {[%emt 0:00:00]} Qa1+ {[%emt 0:00:00]} 43. Qe1 {[%emt 0:00:00]} Qxa2 {[%emt 0:00:00]} 44. c6 {[%emt 0:00:00]} f3 {[%emt 0:00:00]} 45. gxf3 {[%emt 0:00:00]} Nf4 {[%emt 0:00:00]} 46. Bf2 {[%emt 0:00:00]} Qe6 {[%emt 0:00:00]} 47. Nf7+ {[%emt 0:00:00]} Qxf7 {[%emt 0:00:00]} 48. Qxe5 {[%emt 0:00:00]} Qc4+ {[%emt 0:00:00]} 49. Kg1 {[%emt 0:04:19]} Nd5 {[%emt 0:03:15]} 50. Qe8+ {[%emt 4:45:16]} Kh7 {[%emt 0:00:02]} 51. Qe4+ Qxe4 {[%emt 0:00:03]} 1/2-1/2

[Event "47th GRE-chT 2019"]
[Site "Patra"]
[Date "2019.07.03"]
[Round "2.27"]
[White "Batsi, Varvara"]
[Black "Kaliontzaki, Argyro Evanthia"]
[Result "0-1"]
[WhiteElo "1214"]
[BlackElo "1324"]
[Annotator "NA"]
[PlyCount "54"]
[EventDate "2019.07.02"]
[EventCountry "GRE"]
[SourceTitle "playchess.com"]
[Source "ChessBase"]
[SourceQuality "1"]
[TimeControl "5400+30"]

1. d4 {[%emt 0:00:00]} Nf6 {[%emt 0:00:00]} 2. Nf3 {[%emt 0:00:00]} e6 {[%emt 0:00:00]} 3. e3 {[%emt 0:00:00]} b6 {[%emt 0:00:09]} 4. Bd3 {[%emt 0:00:00]} Bb7 {[%emt 0:00:18]} 5. Nbd2 {[%emt 0:00:05]} d5 {[%emt 0:01:15]} 6. b3 {[%emt 0:02:21]} Nbd7 {[%emt 0:01:09]} 7. Bb2 {[%emt 0:00:21]} Be7 {[%emt 0:01:59]} 8. O-O {[%emt 0:00:32]} O-O {[%emt 0:01:34]} 9. c4 {[%emt 0:03:07]} c5 {[%emt 0:04:12]} 10. Re1 {[%emt 0:04:35]} cxd4 {[%emt 0:08:13]} 11. exd4 {[%emt 0:00:07]} Rc8 {[%emt 0:02:46]} 12. Rc1 {[%emt 0:02:06]} dxc4 {[%emt 0:06:52]} 13. bxc4 {[%emt 0:00:27]} Rc7 {[%emt 0:11:31]} 14. Ne5 {[%emt 0:06:12]} Nxe5 {[%emt 0:01:43]} 15. Rxe5 {[%emt 0:01:43]} Bd6 {[%emt 0:03:32]} 16. Re1 {[%emt 0:02:07]} Qd7 {[%emt 0:06:21]} 17. Ne4 {[%emt 0:24:35]} Nxe4 {[%emt 0:04:47]} 18. Bxe4 {[%emt 0:00:12]} Bxe4 {[%emt 0:02:35]} 19. Rxe4 {[%emt 0:00:04]} Be7 {[%emt 0:07:45]} 20. Qd3 {[%emt 0:21:55]} Bf6 {[%emt 0:06:32]} 21. Rc3 {[%emt 0:15:14]} Rfc8 {[%emt 0:05:53]} 22. Bc1 {[%emt 0:06:17]} Qa4 {[%emt 0:04:54]} 23. Re2 {[%emt 0:04:59]} Rxc4 {[%emt 0:05:24]} 24. Rxc4 {[%emt 0:02:09]} Qxc4 {[%emt 0:00:14]} 25. Qxc4 {[%emt 0:01:29]} Rxc4 {[%emt 0:00:05]} 26. Be3 {[%emt 0:00:20]} Bxd4 {[%emt 0:00:56]} 27. Bxd4 {[%emt 0:00:31]} Rc1+ {[%emt 0:00:48]} 0-1

[Event "47th GRE-chT 2019"]
[Site "Patra"]
[Date "2019.07.03"]
[Round "2.28"]
[White "Karousos-Theodorakis, Nikolaos"]
[Black "Trimitzios, Petros"]
[Result "0-1"]
[WhiteElo "2304"]
[BlackElo "2285"]
[Annotator "TA"]
[PlyCount "80"]
[EventDate "2019.07.02"]
[EventCountry "GRE"]
[SourceTitle "playchess.com"]
[Source "ChessBase"]
[SourceQuality "1"]

{[%evp 17,80,32,29,21,27,17,44,7,0,0,8,0,0,-5,-4,-35,-20,-35,-16,-30,-25,-37,-4,0,0,-6,54,60,60,60,60,54,54,58,64,38,78,3,12,0,0,-92,-89,-84,-79,-126,-108,-109,-127,-113,-119,-199,-204,-278,-278,-283,-283,-277,-269,-339,-320,-314,-236,-380,-401]} 1. e4 e5 2. Nf3 Nc6 3. Bb5 a6 4. Ba4 Nf6 5. d3 d6 6. c3 Be7 7. Nbd2 O-O 8. O-O b5 9. Bc2 d5 10. h3 {C77: Ruy Lopez: 3...a6 4 Ba4 Nf6, unusual lines} (10. d4 exd4 11. e5 d3 12. Bxd3 Ng4 13. Qe2 f6 14. exf6 Nxf6 15. h3 Bd6 16. Re1 Re8 17. Qd1 Rxe1+ 18. Qxe1 {½-½ (43) Karjakin,S (2773)-Aronian,L (2799) Saint Louis 2017}) 10... dxe4 11. dxe4 h6 12. Nb3 {White is slightly better.} Be6 $146 ({Predecessor:} 12... Bd6 13. Be3 Qe7 14. Qe2 Nh5 15. Rfe1 g5 16. Nxg5 Nf4 17. Bxf4 exf4 {0-1 (27) Kroone,G-Felderhof,W Netherlands 1932}) 13. Be3 Nd7 14. Nfd2 Bg5 15. Qf3 Qe7 16. Rfd1 a5 17. a4 bxa4 18. Rxa4 Bxe3 19. Qxe3 Nb6 20. Raa1 $36 {[%mdl 2048] White fights for an advantage.} Rfd8 21. Qc5 Qd6 ({Black should play} 21... Rd6 $11) 22. Nf1 $14 Qxc5 23. Nxc5 Rxd1 24. Bxd1 Kf8 25. Ne3 Ke7 26. Bf3 Nd7 27. Nd3 (27. Nxe6 $16 fxe6 28. Bd1) 27... Nb6 $11 28. Nd5+ Kd6 {[%cal Rb6d5]} 29. Rd1 (29. Ne3 $11) 29... Bxd5 $17 30. exd5 Nd8 31. b3 f5 {aiming for ...e4.} 32. c4 {Threatens to win with c5+.} Nd7 33. Bh5 e4 34. Nf4 {[#]} (34. c5+ $17 {was worth a try.} Nxc5 35. Nxc5 Kxc5 36. Bg6) 34... Nc5 $1 $19 35. Bg6 Nxb3 36. Nh5 {[#]} a4 $1 {[%cal Ba5a4,Ba4a3][%mdl 32]} 37. Nxg7 Ke5 38. d6 c6 39. Nxf5 Kf6 40. Ne7 (40. Bh7 $142) 40... a3 {Accuracy: White = 44%, Black = 76%.} 0-1

[Event "47th GRE-chT 2019"]
[Site "Patra"]
[Date "2019.07.03"]
[Round "2.30"]
[White "Christodoulakis, Michail"]
[Black "Peikos, Rafail"]
[Result "1/2-1/2"]
[WhiteElo "1224"]
[BlackElo "1309"]
[Annotator "NA"]
[PlyCount "78"]
[EventDate "2019.07.02"]
[EventCountry "GRE"]
[SourceTitle "playchess.com"]
[Source "ChessBase"]
[SourceQuality "1"]
[TimeControl "5400+30"]

1. e4 {[%emt 0:00:00]} d5 {[%emt 0:00:00]} 2. exd5 {[%emt 0:00:00]} Qxd5 {[%emt 0:00:00]} 3. Nc3 {[%emt 0:00:00]} Qd6 {[%emt 0:01:05]} 4. d4 {[%emt 0:00:47]} Nf6 {[%emt 0:05:36]} 5. Bc4 {[%emt 0:02:30]} a6 {[%emt 0:02:34]} 6. Nf3 {[%emt 0:00:51]} b5 {[%emt 0:07:17]} 7. Bb3 {[%emt 0:02:01]} Bb7 {[%emt 0:05:50]} 8. Be3 {[%emt 0:02:21]} e6 {[%emt 0:06:31]} 9. O-O {[%emt 0:02:36]} Be7 {[%emt 0:09:40]} 10. Re1 {[%emt 0:02:27]} O-O {[%emt 0:16:20]} 11. Ne5 {[%emt 0:09:45]} Qd8 {[%emt 0:05:48]} 12. Qe2 {[%emt 0:02:57]} Nbd7 {[%emt 0:02:29]} 13. Rad1 {[%emt 0:02:21]} Nb6 {[%emt 0:12:22]} 14. f3 {[%emt 0:05:50]} Nbd5 {[%emt 0:04:07]} 15. Ne4 {[%emt 0:06:39]} c6 {[%emt 0:01:54]} 16. Bg5 {[%emt 0:04:56]} Qc7 {[%emt 0:00:31]} 17. Bxf6 {[%emt 0:01:03]} Nxf6 {[%emt 0:00:54]} 18. c3 {[%emt 0:06:22]} c5 {[%emt 0:04:14]} 19. Nxf6+ {[%emt 0:02:46]} Bxf6 {[%emt 0:02:34]} 20. Kh1 {[%emt 0:05:01]} cxd4 {[%emt 0:00:43]} 21. cxd4 {[%emt 0:01:37]} Qd6 {[%emt 0:00:47]} 22. Qe3 {[%emt 0:01:52]} Rad8 {[%emt 0:02:20]} 23. Rd3 {[%emt 0:01:32]} Bd5 {[%emt 0:02:22]} 24. Bxd5 {[%emt 0:00:34]} Qxd5 {[%emt 0:00:41]} 25. b3 {[%emt 0:01:07]} Bxe5 {[%emt 0:00:08]} 26. Qxe5 {[%emt 0:00:12]} Qxe5 {[%emt 0:00:01]} 27. Rxe5 {[%emt 0:01:39]} Rd6 {[%emt 0:00:55]} 28. g4 {[%emt 0:00:18]} Rfd8 {[%emt 0:01:02]} 29. Re4 {[%emt 0:00:26]} Rd5 {[%emt 0:02:22]} 30. h4 {[%emt 0:02:04]} e5 {[%emt 0:00:35]} 31. Rde3 {[%emt 0:01:53]} Rxd4 {[%emt 0:00:04]} 32. Rxe5 {[%emt 0:00:56]} Rd1+ {[%emt 0:00:18]} 33. Re1 {[%emt 0:00:48]} Rxe1+ {[%emt 0:00:05]} 34. Rxe1 {[%emt 0:00:23]} g6 {[%emt 0:00:13]} 35. Re2 {[%emt 0:00:15]} Rd3 {[%emt 0:00:07]} 36. Kg2 {[%emt 0:00:55]} Kg7 {[%emt 0:00:27]} 37. g5 {[%emt 0:00:30]} h6 {[%emt 0:01:17]} 38. Kg3 {[%emt 0:01:28]} hxg5 {[%emt 0:00:14]} 39. hxg5 {[%emt 0:01:14]} Kf8 {[%emt 0:00:35]} 1/2-1/2